00377nam a2200157Ia 4500008004100000020001800041041000800059082001500067100001200082245002100094260004200115300000900157500001600166650001600182700002100198230125s9999 xx 000 0 und d a0-312-31859-6 aeng a659.1bROM aRoman K aHow to advertise c2003bRupa & Co. PublisheraNew Delhi a268p aadvertising aAdvertising aRoman K & Maas J